[Event "Titled Tuesday intern op 03rd Jan Late"]
[Site "Chess.com INT"]
[Date "2025.06.03"]
[Round "1"]
[White "Ambartsumova, Karina"]
[Black "Albertini, Luca"]
[Result "1-0"]
[WhiteElo "2403"]
[BlackElo "2139"]
[PlyCount "41"]
[EventDate "2025.06.03"]
[EventType "swiss (blitz)"]
[EventRounds "11"]
[EventCountry "USA"]
[SourceTitle "CB24_2025"]
[SourceDate "2025.06.11"]
[SourceVersion "1"]
[SourceVersionDate "2025.06.11"]
[SourceQuality "1"]

1. Nf3 Nf6 2. c4 Nc6 3. Nc3 e5 4. a3 d5 5. cxd5 Nxd5 6. e4 Nb6 7. Bb5 Bc5 8. 0-0 f6 9. b4 Bd4 10. Bb2 0-0 11. h3 Be6 12. Bxc6 bxc6 13. Nxd4 exd4 14. Ne2 d3 15. Nd4 Qd6 16. Rc1 Bc4 17. Qg4 Rf7 18. Nf5 h5 19. Nxd6 hxg4 20. Nxc4 gxh3 21. gxh3 1-0

[Event "Titled Tuesday intern op 03rd Jan Late"]
[Site "Chess.com INT"]
[Date "2025.06.03"]
[Round "11"]
[White "Ambartsumova, Karina"]
[Black "Deichmann, Esteban Horacio"]
[Result "1-0"]
[WhiteElo "2403"]
[BlackElo "2085"]
[PlyCount "83"]
[EventDate "2025.06.03"]
[EventType "swiss (blitz)"]
[EventRounds "11"]
[EventCountry "USA"]
[SourceTitle "CB24_2025"]
[SourceDate "2025.06.11"]
[SourceVersion "1"]
[SourceVersionDate "2025.06.11"]
[SourceQuality "1"]

1. Nf3 c5 2. c4 e6 3. Nc3 g6 4. d4 cxd4 5. Nxd4 a6 6. g3 Bg7 7. Bg2 Ne7 8. 0-0 0-0 9. Bg5 f6 10. Be3 Nbc6 11. Qc2 f5 12. Rfd1 Qc7 13. Nxc6 bxc6 14. c5 Nd5 15. Nxd5 cxd5 16. Rxd5 exd5 17. Bxd5+ Kh8 18. Bxa8 Bb7 19. Bxb7 Qxb7 20. Rd1 Rc8 21. Bd4 d5 22. Qc3 Rg8 23. b4 g5 24. c6 Qf7 25. a4 f4 26. c7 Rc8 27. Bxg7+ Kg8 28. Be5 fxg3 29. hxg3 Rf8 30. Qe3 Rc8 31. Qxg5+ Kf8 32. Bd6+ Ke8 33. Rxd5 Kd7 34. Bf4+ Kc6 35. Rc5+ Kb7 36. Qd5+ Qxd5 37. Rxd5 h5 38. Rd8 h4 39. Rxc8 hxg3 40. Rb8+ Ka7 41. c8Q gxf2+ 42. Kxf2 1-0

[Event "Titled Tuesday intern op 03rd Jan Late"]
[Site "Chess.com INT"]
[Date "2025.06.03"]
[Round "8"]
[White "Ambartsumova, Karina"]
[Black "Hiwale, Ronak"]
[Result "1-0"]
[WhiteElo "2403"]
[BlackElo "2105"]
[PlyCount "187"]
[EventDate "2025.06.03"]
[EventType "swiss (blitz)"]
[EventRounds "11"]
[EventCountry "USA"]
[SourceTitle "CB24_2025"]
[SourceDate "2025.06.11"]
[SourceVersion "1"]
[SourceVersionDate "2025.06.11"]
[SourceQuality "1"]

1. Nf3 g6 2. d4 Bg7 3. c4 Nf6 4. Nc3 d6 5. g3 0-0 6. Bg2 Nc6 7. 0-0 e5 8. dxe5 Nxe5 9. Nd2 Be6 10. b3 Nc6 11. Bb2 Nd7 12. Qc1 a6 13. Nd5 Nd4 14. Re1 c6 15. Nf4 Bf5 16. e4 Bg4 17. h3 Be6 18. Kh2 h5 19. Nf3 Nxf3+ 20. Bxf3 Ne5 21. Bg2 h4 22. Qc2 hxg3+ 23. fxg3 Qg5 24. Rf1 Kh7 25. Rad1 Rad8 26. Bc1 Qe7 27. Qe2 Rh8 28. Kg1 Kg8 29. Nxe6 Qxe6 30. Bg5 Rd7 31. Qf2 Rh5 32. Bf6 Bh6 33. g4 Nxg4 34. hxg4 Qxg4 35. Qf3 Qe6 36. Bd4 c5 37. Bf2 Bg7 38. Rd5 Be5 39. Bg3 Bd4+ 40. Bf2 Be5 41. Rfd1 f6 42. Bg3 Rg5 43. Bxe5 fxe5 44. Rf1 Rg7 45. Rd3 Rh5 46. Qg3 Kh7 47. Rdf3 Qe7 48. Rf6 Rh6 49. Qg4 Qd7 50. Qxd7 Rxd7 51. Rf7+ Rxf7 52. Rxf7+ Kg8 53. Rxb7 g5 54. Rb6 Rf6 55. Rxa6 Kf7 56. Ra7+ Kg6 57. a4 g4 58. Ra8 Kg5 59. a5 Kf4 60. Kf2 g3+ 61. Ke2 Kg4 62. Rg8+ Kh4 63. Bf3 Rf7 64. a6 Ra7 65. Rg4+ Kh3 66. Rg6 Kh4 67. Rh6+ Kg5 68. Rxd6 Kf4 69. Rf6+ Kg5 70. Rf5+ Kg6 71. Rxe5 Rxa6 72. Rxc5 Ra2+ 73. Ke3 g2 74. Bxg2 Rxg2 75. Kd4 Rg3 76. b4 Kf6 77. Rc6+ Ke7 78. b5 Kd7 79. Kc5 Rg5+ 80. Kb6 Re5 81. c5 Rxe4 82. Rd6+ Kc8 83. Rh6 Re8 84. Kc6 Rg8 85. b6 Rf8 86. Kb5 Rf5 87. Rh8+ Kb7 88. Rh7+ Kb8 89. Ka6 Rxc5 90. Rh8+ Rc8 91. Rxc8+ Kxc8 92. Ka7 Kd7 93. b7 Kd6 94. b8Q+ 1-0

[Event "Titled Tuesday intern op 03rd Jan Late"]
[Site "Chess.com INT"]
[Date "2025.06.03"]
[Round "2"]
[White "Ambartsumova, Karina"]
[Black "Pranav, V."]
[Result "0-1"]
[WhiteElo "2403"]
[BlackElo "2621"]
[PlyCount "50"]
[EventDate "2025.06.03"]
[EventType "swiss (blitz)"]
[EventRounds "11"]
[EventCountry "USA"]
[SourceTitle "CB24_2025"]
[SourceDate "2025.06.11"]
[SourceVersion "1"]
[SourceVersionDate "2025.06.11"]
[SourceQuality "1"]

1. Nf3 Nf6 2. c4 e6 3. Nc3 Bb4 4. Qc2 0-0 5. a3 Bxc3 6. Qxc3 b6 7. d3 Bb7 8. Bg5 d6 9. e4 Nbd7 10. Be2 h6 11. Bh4 e5 12. 0-0 Re8 13. b4 Nf8 14. Bg3 Ng6 15. c5 Nh5 16. Rfe1 Nhf4 17. Bf1 h5 18. Bxf4 Nxf4 19. Rac1 dxc5 20. bxc5 Qf6 21. c6 Ba6 22. d4 Bxf1 23. Kxf1 exd4 24. Nxd4 Rad8 25. Nb5 Qg5 0-1

[Event "Titled Tuesday intern op 06th May Early"]
[Site "Chess.com INT"]
[Date "2025.05.06"]
[Round "6"]
[White "Ambartsumova, Karina"]
[Black "Brown, Akeem"]
[Result "1-0"]
[WhiteElo "2403"]
[BlackElo "2055"]
[PlyCount "63"]
[EventDate "2025.05.06"]
[EventType "swiss (blitz)"]
[EventRounds "11"]
[EventCountry "USA"]
[SourceTitle "CB20_2025"]
[SourceDate "2025.05.14"]
[SourceVersion "1"]
[SourceVersionDate "2025.05.14"]
[SourceQuality "1"]

1. Nf3 Nf6 2. c4 g6 3. d4 Bg7 4. g3 0-0 5. Bg2 d6 6. Nc3 Nbd7 7. 0-0 a6 8. e4 Rb8 9. a4 e5 10. h3 Re8 11. Be3 exd4 12. Nxd4 Nc5 13. Qc2 a5 14. Rad1 Bd7 15. Ndb5 Bxb5 16. axb5 Qe7 17. Bg5 Qe6 18. b3 h6 19. Bc1 Rbd8 20. Rfe1 c6 21. Kh2 Qe5 22. Bb2 Qe7 23. f4 Kh7 24. e5 dxe5 25. Rxe5 Qc7 26. Rxc5 Rxd1 27. Qxd1 h5 28. bxc6 h4 29. Qf3 hxg3+ 30. Qxg3 Nh5 31. Rxh5+ gxh5 32. Nd5 1-0

[Event "Titled Tuesday intern op 06th May Early"]
[Site "Chess.com INT"]
[Date "2025.05.06"]
[Round "2"]
[White "Ambartsumova, Karina"]
[Black "Fichter, Fabian"]
[Result "1-0"]
[WhiteElo "2403"]
[BlackElo "2235"]
[PlyCount "77"]
[EventDate "2025.05.06"]
[EventType "swiss (blitz)"]
[EventRounds "11"]
[EventCountry "USA"]
[SourceTitle "CB20_2025"]
[SourceDate "2025.05.14"]
[SourceVersion "1"]
[SourceVersionDate "2025.05.14"]
[SourceQuality "1"]

1. Nf3 c5 2. c4 Nf6 3. Nc3 d5 4. cxd5 Nxd5 5. e3 Nc6 6. Bb5 Nxc3 7. bxc3 Bd7 8. d4 e6 9. 0-0 Be7 10. Rb1 0-0 11. Bd3 Qc7 12. Qe2 Rfd8 13. Bd2 Rac8 14. e4 c4 15. Bc2 e5 16. d5 Na5 17. Ne1 Bd6 18. g3 Bh3 19. Ng2 Qd7 20. Bg5 f6 21. Be3 b6 22. f4 Nb7 23. f5 Bc5 24. Rf2 Bxg2 25. Rxg2 Bxe3+ 26. Qxe3 Qd6 27. Kh1 Qc5 28. Qd2 Qa5 29. g4 Qxa2 30. g5 Rd6 31. gxf6 Rxf6 32. Qg5 Rf7 33. Rbg1 Rcc7 34. f6 Qa3 35. Qxe5 Qf8 36. Qe6 g6 37. e5 Kh8 38. Qh3 Nd8 39. Bxg6 1-0

[Event "Titled Tuesday intern op 06th May Early"]
[Site "Chess.com INT"]
[Date "2025.05.06"]
[Round "11"]
[White "Gibala, Adam"]
[Black "Ambartsumova, Karina"]
[Result "0-1"]
[WhiteElo "2239"]
[BlackElo "2403"]
[PlyCount "66"]
[EventDate "2025.05.06"]
[EventType "swiss (blitz)"]
[EventRounds "11"]
[EventCountry "USA"]
[SourceTitle "CB20_2025"]
[SourceDate "2025.05.14"]
[SourceVersion "1"]
[SourceVersionDate "2025.05.14"]
[SourceQuality "1"]

1. e4 c5 2. Nf3 a6 3. c3 d5 4. exd5 Qxd5 5. d4 Bg4 6. Be2 e6 7. h3 Bh5 8. Be3 Nd7 9. 0-0 Ngf6 10. c4 Qd6 11. Nc3 cxd4 12. Nxd4 Bxe2 13. Qxe2 Be7 14. Rfd1 Qc7 15. Rac1 0-0 16. b3 Rac8 17. g3 Rfe8 18. Kg2 Ba3 19. Rc2 Qa5 20. Nf3 Bb4 21. Nb1 Bf8 22. a3 e5 23. b4 Qc7 24. c5 h6 25. Nc3 e4 26. Nd4 Ne5 27. Bf4 g5 28. Be3 Rcd8 29. Rcd2 Qc8 30. Rh1 Bg7 31. Na4 Nd5 32. Rhd1 Nd3 33. Nb6 Nxb6 0-1

[Event "Vecindario Montalvo Memorial 17th"]
[Site "Vecindario"]
[Date "2025.04.20"]
[Round "9"]
[White "Calzetta Ruiz, Monica"]
[Black "Ambartsumova, Karina"]
[Result "0-1"]
[WhiteElo "2224"]
[BlackElo "2405"]
[PlyCount "80"]
[EventDate "2025.04.12"]
[EventType "swiss"]
[EventRounds "9"]
[EventCountry "ESP"]
[SourceTitle "CB17_2025"]
[SourceDate "2025.04.23"]
[SourceVersion "1"]
[SourceVersionDate "2025.04.23"]
[SourceQuality "1"]

1. d4 Nf6 2. Nf3 g6 3. c4 Bg7 4. g3 0-0 5. Bg2 d6 6. 0-0 Nc6 7. Nc3 a6 8. e4 Bg4 9. Be3 Nd7 10. Ne2 Na5 11. b3 c5 12. h3 Bxf3 13. Bxf3 cxd4 14. Bxd4 Bxd4 15. Nxd4 Nc6 16. Bg2 Rc8 17. Kh2 Nxd4 18. Qxd4 b5 19. Rfc1 bxc4 20. Rxc4 Rxc4 21. Qxc4 Qb6 22. f4 e5 23. Rd1 Nf6 24. Qd3 exf4 25. gxf4 Nh5 26. Qxd6 Qf2 27. f5 Re8 28. Rd2 Qh4 29. fxg6 hxg6 30. Bf3 Nf4 31. Qd7 Re7 32. Qg4 Qf6 33. Kg3 Nh5+ 34. Kg2 Rc7 35. h4 Rc3 36. Rf2 Nf4+ 37. Kg3 Nd3 38. Rf1 Qd6+ 39. Kg2 Rc2+ 40. Be2 Ne5 0-1

[Event "Vecindario Montalvo Memorial 17th"]
[Site "Vecindario"]
[Date "2025.04.17"]
[Round "6"]
[White "Ambartsumova, Karina"]
[Black "Moreno Diepa, Diego"]
[Result "1-0"]
[WhiteElo "2405"]
[BlackElo "2243"]
[PlyCount "59"]
[EventDate "2025.04.12"]
[EventType "swiss"]
[EventRounds "9"]
[EventCountry "ESP"]
[SourceTitle "CB17_2025"]
[SourceDate "2025.04.23"]
[SourceVersion "1"]
[SourceVersionDate "2025.04.23"]
[SourceQuality "1"]

1. Nf3 Nf6 2. c4 e6 3. g3 d5 4. d4 dxc4 5. Bg2 c5 6. 0-0 Nc6 7. dxc5 Qxd1 8. Rxd1 Bxc5 9. Nbd2 0-0 10. Nxc4 Ng4 11. e3 Rb8 12. Bd2 b5 13. Na5 Nxa5 14. Bxa5 Bb7 15. b4 Be7 16. Nd4 Bxg2 17. Kxg2 Rb7 18. Rac1 Ne5 19. Rc7 Rfb8 20. Nxb5 Rxc7 21. Nxc7 Nc6 22. Na6 Rb7 23. Rc1 Nxa5 24. Rc8+ Bf8 25. bxa5 g6 26. Nc5 Re7 27. Rd8 f6 28. a6 Kf7 29. Ra8 Rc7 30. Rxf8+ 1-0

[Event "Vecindario Montalvo Memorial 17th"]
[Site "Vecindario"]
[Date "2025.04.14"]
[Round "3"]
[White "Castro Miguelez, Jose"]
[Black "Ambartsumova, Karina"]
[Result "0-1"]
[WhiteElo "1846"]
[BlackElo "2405"]
[PlyCount "120"]
[EventDate "2025.04.12"]
[EventType "swiss"]
[EventRounds "9"]
[EventCountry "ESP"]
[SourceTitle "CB17_2025"]
[SourceDate "2025.04.23"]
[SourceVersion "1"]
[SourceVersionDate "2025.04.23"]
[SourceQuality "1"]

1. e4 e5 2. Nf3 d6 3. d4 exd4 4. Nxd4 Nf6 5. Nc3 Be7 6. g3 0-0 7. Bg2 Re8 8. 0-0 c6 9. a4 a5 10. h3 Na6 11. b3 Bf8 12. Bb2 Nc5 13. Re1 g6 14. Qd2 Bg7 15. Rad1 Qb6 16. Kh2 Be6 17. Ba1 Rad8 18. f4 Bc8 19. Bf3 d5 20. exd5 Rxe1 21. Rxe1 cxd5 22. Ncb5 Nce4 23. Qd3 h5 24. Re2 Bd7 25. c4 dxc4 26. Qxc4 Rc8 27. Qd3 Nc5 28. Qd2 Bxb5 29. axb5 Rd8 30. Qa2 h4 31. Bc3 hxg3+ 32. Kxg3 Nd3 33. Qxa5 Qxa5 34. Bxa5 Rxd4 35. Bxb7 Nxf4 36. Rc2 N4d5 37. Rc8+ Kh7 38. Rd8 Rd3+ 39. Kh2 Rxb3 40. Bxd5 Rxb5 41. Bxf7 Rxa5 42. Rd3 Ra7 43. Be6 Re7 44. Bg4 Nxg4+ 45. hxg4 Kh6 46. Kh3 Kg5 47. Rd5+ Re5 48. Rd6 Re3+ 49. Kg2 Be5 50. Re6 Bf4 51. Ra6 Rd3 52. Kf2 Rd6 53. Ra1 Kxg4 54. Rg1+ Kf5 55. Rb1 g5 56. Rb5+ Kg4 57. Rb1 Rd2+ 58. Kf1 Kf3 59. Rb3+ Be3 60. Ke1 Rc2 0-1

[Event "Titled Tuesday intern op 01st Apr Early"]
[Site "Chess.com INT"]
[Date "2025.04.01"]
[Round "9"]
[White "Ambartsumova, Karina"]
[Black "Obregon Rivero, Juan Carlos"]
[Result "1-0"]
[WhiteElo "2405"]
[BlackElo "2485"]
[PlyCount "119"]
[EventDate "2025.04.01"]
[EventType "swiss (blitz)"]
[EventRounds "11"]
[EventCountry "USA"]
[SourceTitle "CB15_2025"]
[SourceDate "2025.04.09"]
[SourceVersion "1"]
[SourceVersionDate "2025.04.09"]
[SourceQuality "1"]

1. Nf3 Nf6 2. c4 g6 3. d4 Bg7 4. g3 c5 5. Bg2 cxd4 6. Nxd4 0-0 7. Nc3 Nc6 8. Nc2 d6 9. 0-0 Qb6 10. b3 Be6 11. Bb2 Bxc4 12. Rb1 Be6 13. Qd2 Rfd8 14. e4 Qa5 15. Ne3 Rac8 16. Rfd1 Ng4 17. Nxg4 Bxg4 18. f3 Be6 19. Rbc1 Nb4 20. a3 Nc6 21. b4 Qb6+ 22. Kh1 Ne5 23. Qe2 Nc4 24. Nd5 Bxd5 25. Bxg7 Kxg7 26. exd5 Qe3 27. Qd3 Qxd3 28. Rxd3 Nb6 29. Re1 Rc7 30. f4 Rdc8 31. Bh3 f5 32. Bg2 Kf7 33. Rde3 Nc4 34. R3e2 Nb6 35. h3 Rd7 36. g4 Rc3 37. Re3 Rxe3 38. Rxe3 Rc7 39. Rg3 Rc1+ 40. Kh2 Rc2 41. gxf5 Nxd5 42. fxg6+ hxg6 43. Rf3 b6 44. f5 g5 45. Kg3 Nf4 46. Bf1 Kf6 47. h4 Nh5+ 48. Kg4 Ng7 49. hxg5+ Kf7 50. f6 exf6 51. Rxf6+ Ke7 52. Bd3 Rc3 53. Bg6 Ne6 54. Rf7+ Kd8 55. Kf5 Nd4+ 56. Kf6 Nc6 57. Rh7 Rf3+ 58. Ke6 Nd4+ 59. Kxd6 Rd3 60. Rh8# 1-0

[Event "Titled Tuesday intern op 01st Apr Late"]
[Site "Chess.com INT"]
[Date "2025.04.01"]
[Round "10"]
[White "Douissa, Oussama"]
[Black "Ambartsumova, Karina"]
[Result "0-1"]
[WhiteElo "2242"]
[BlackElo "2405"]
[PlyCount "214"]
[EventDate "2025.04.01"]
[EventType "swiss (blitz)"]
[EventRounds "11"]
[EventCountry "USA"]
[SourceTitle "CB15_2025"]
[SourceDate "2025.04.09"]
[SourceVersion "1"]
[SourceVersionDate "2025.04.09"]
[SourceQuality "1"]

1. e4 c5 2. Nf3 a6 3. c3 d5 4. exd5 Qxd5 5. d4 Bg4 6. Be2 e6 7. 0-0 Nf6 8. Be3 Nbd7 9. dxc5 Bxc5 10. Qxd5 Nxd5 11. Bxc5 Nxc5 12. h3 Bh5 13. Nbd2 Na4 14. Bc4 Rd8 15. Bxd5 Rxd5 16. c4 Rd3 17. b3 Nc3 18. Kh2 Ke7 19. Rfc1 Rhd8 20. Rc2 Ne2 21. Ne4 Bxf3 22. gxf3 Nd4 23. Rc3 Nxf3+ 24. Kg2 Rxc3 25. Nxc3 Ne5 26. Re1 Nd3 27. Re3 Nf4+ 28. Kg3 Ng6 29. Kg2 Rd2 30. a4 Nh4+ 31. Kg1 Nf5 32. Re2 Rd3 33. Ne4 Rxb3 34. Nc5 Rb1+ 35. Kg2 Nd4 36. Rd2 e5 37. a5 Rb4 38. Nd3 Rxc4 39. Nxe5 Ra4 40. Rb2 Ke6 41. Nd3 Ra3 42. Nc5+ Kd5 43. Nxb7 Nb5 44. Rd2+ Ke5 45. Rd7 Kf6 46. Nd8 Rxa5 47. Rxf7+ Kg6 48. Rd7 Nc3 49. Ne6 Kf6 50. Nxg7 Rg5+ 51. Kf3 Rxg7 52. Rd6+ Kf5 53. Rxa6 Nd5 54. Ra5 Ke5 55. h4 Ke6 56. Ke4 Nf6+ 57. Kf3 Rd7 58. Ra6+ Kf7 59. Kf4 Rd4+ 60. Kg5 Rd5+ 61. Kf4 Kg6 62. f3 Rf5+ 63. Kg3 Kg7 64. Ra7+ Kg6 65. Ra6 Rd5 66. Rb6 Kf5 67. Ra6 Nh5+ 68. Kh3 Nf4+ 69. Kg3 Nh5+ 70. Kh3 Rd3 71. Ra5+ Kg6 72. Ra6+ Nf6 73. Kg3 h5 74. Ra5 Kh6 75. Ra6 Kg7 76. Ra7+ Kg6 77. Ra6 Rd5 78. Rb6 Rf5 79. Ra6 Kf7 80. Ra7+ Ke6 81. Ra6+ Ke7 82. Ra7+ Nd7 83. Ra6 Ne5 84. Ra5 Rxf3+ 85. Kg2 Rf5 86. Kg3 Ke6 87. Ra6+ Kf7 88. Ra7+ Kg6 89. Ra6+ Rf6 90. Ra5 Ng4 91. Rg5+ Kh6 92. Ra5 Re6 93. Kf4 Rf6+ 94. Kg3 Rg6 95. Kh3 Nf6 96. Rb5 Ne4 97. Re5 Nf2+ 98. Kh2 Ng4+ 99. Kh3 Nxe5 100. Kh2 Kg7 101. Kh3 Kf6 102. Kh2 Kf5 103. Kh3 Kf4 104. Kh2 Kf3 105. Kh3 Kf2 106. Kh2 Nf3+ 107. Kh3 Rg3# 0-1

[Event "Titled Tuesday intern op 01st Apr Late"]
[Site "Chess.com INT"]
[Date "2025.04.01"]
[Round "11"]
[White "Rustemov, Alexander"]
[Black "Ambartsumova, Karina"]
[Result "1-0"]
[WhiteElo "2525"]
[BlackElo "2405"]
[PlyCount "115"]
[EventDate "2025.04.01"]
[EventType "swiss (blitz)"]
[EventRounds "11"]
[EventCountry "USA"]
[SourceTitle "CB15_2025"]
[SourceDate "2025.04.09"]
[SourceVersion "1"]
[SourceVersionDate "2025.04.09"]
[SourceQuality "1"]

1. d4 Nf6 2. Bg5 Ne4 3. Bf4 d5 4. e3 g6 5. Nd2 Nxd2 6. Qxd2 Bg7 7. Nf3 0-0 8. Be2 c5 9. 0-0 Nc6 10. c3 Qb6 11. h3 Bf5 12. Rad1 Rad8 13. Rfe1 Rfe8 14. Ne5 Nxe5 15. Bxe5 f6 16. Bg3 e5 17. Bf3 Be6 18. a3 cxd4 19. cxd4 e4 20. Be2 Rc8 21. Rc1 Bf8 22. Rxc8 Rxc8 23. Rc1 Rc6 24. Rc3 Qa5 25. b4 Qb6 26. Rc5 Bxc5 27. dxc5 Qd8 28. Bb5 Rc8 29. Qd4 Kf7 30. Bd6 a6 31. Be2 Rc6 32. Bf4 g5 33. Bh5+ Ke7 34. Bxg5 Bf7 35. Bxf7 Kxf7 36. Bf4 Qd7 37. a4 Re6 38. Qa1 Qc6 39. Kh2 Qd7 40. Bg3 Qc6 41. h4 Qd7 42. Qa2 Qc6 43. Qb3 Qd7 44. b5 axb5 45. axb5 Kg6 46. Qb4 h5 47. c6 bxc6 48. b6 Qb7 49. Bc7 Re8 50. Qd6 Qc8 51. Qg3+ Kh7 52. Qf4 Kg6 53. f3 exf3 54. gxf3 f5 55. Qg5+ Kf7 56. Qxh5+ Ke6 57. Qg6+ Kd7 58. Qd6# 1-0

[Event "Titled Tuesday intern op 25th Mar Early"]
[Site "Chess.com INT"]
[Date "2025.03.25"]
[Round "8"]
[White "Ambartsumova, Karina"]
[Black "Guo, Felix1"]
[Result "1/2-1/2"]
[WhiteElo "2405"]
[BlackElo "2074"]
[PlyCount "98"]
[EventDate "2025.03.25"]
[EventType "swiss (blitz)"]
[EventRounds "11"]
[EventCountry "USA"]
[SourceTitle "CB14_2025"]
[SourceDate "2024.11.01"]
[SourceVersion "1"]
[SourceVersionDate "2024.11.01"]
[SourceQuality "1"]

1. Nf3 Nf6 2. c4 e6 3. e3 d5 4. Nc3 Be7 5. b3 0-0 6. Bb2 c5 7. cxd5 exd5 8. d4 Nc6 9. Be2 Bf5 10. 0-0 h6 11. Rc1 cxd4 12. Nxd4 Bh7 13. Nxc6 bxc6 14. Na4 Qd7 15. Qd4 Rfe8 16. Nc5 Qf5 17. h3 Bd6 18. Bg4 Qg5 19. f4 Qg6 20. Nd7 Nxg4 21. hxg4 Rad8 22. Ne5 Bxe5 23. fxe5 Qe6 24. Rf2 Be4 25. Rcf1 Qxg4 26. Qd2 Rd7 27. Rf4 Qg6 28. Qf2 c5 29. Re1 Rc8 30. Kh2 c4 31. Bd4 c3 32. Qg3 c2 33. Rc1 Qh5+ 34. Rh4 Qd1 35. Rg4 g6 36. e6 fxe6 37. Rxg6+ Bxg6 38. Qxg6+ Kf8 39. Qxh6+ Ke7 40. Bb2 Qg4 41. Ba3+ Kd8 42. Qf8+ Kc7 43. Rxc2+ Kb7 44. Qxc8+ Kb6 45. Qxd7 Qh4+ 46. Kg1 Qe1+ 47. Kh2 Qh4+ 48. Kg1 Qe1+ 49. Kh2 Qh4+ 1/2-1/2

[Event "Titled Tuesday intern op 25th Mar Early"]
[Site "Chess.com INT"]
[Date "2025.03.25"]
[Round "9"]
[White "Ambartsumova, Karina"]
[Black "Purtseladze, Maka"]
[Result "0-1"]
[WhiteElo "2405"]
[BlackElo "2261"]
[PlyCount "104"]
[EventDate "2025.03.25"]
[EventType "swiss (blitz)"]
[EventRounds "11"]
[EventCountry "USA"]
[SourceTitle "CB14_2025"]
[SourceDate "2024.11.01"]
[SourceVersion "1"]
[SourceVersionDate "2024.11.01"]
[SourceQuality "1"]

1. Nf3 Nf6 2. c4 g6 3. Nc3 Bg7 4. d4 c5 5. e4 cxd4 6. Nxd4 d6 7. Be2 0-0 8. 0-0 Nc6 9. Nc2 a6 10. Be3 Rb8 11. f3 Bd7 12. Rc1 Ne5 13. Nd4 Qc7 14. Nd5 Qd8 15. Nc3 Nc6 16. a4 Nb4 17. Nb3 b6 18. Ra1 a5 19. Nd4 Rc8 20. Qd2 Be8 21. Rac1 Nd7 22. Ndb5 Nc5 23. Qd1 Bc6 24. Rb1 Qd7 25. b3 Qb7 26. Bd4 Bxd4+ 27. Qxd4 Ne6 28. Qd2 Rfd8 29. Nd5 Bxb5 30. axb5 Nxd5 31. exd5 Nc5 32. Qe3 Re8 33. Qd4 Qd7 34. f4 Qf5 35. g4 Qc2 36. Rb2 Qe4 37. Qxe4 Nxe4 38. Bf3 Nc5 39. Rd1 Rf8 40. Kf2 Rc7 41. Be2 f5 42. g5 Rfc8 43. Ke3 Kf7 44. Ra1 Re8 45. b4 axb4 46. Rxb4 e5 47. fxe5 Rxe5+ 48. Kf3 Rce7 49. Ra2 Re3+ 50. Kf2 f4 51. Rb1 Ne4+ 52. Kf1 Nc3 0-1

[Event "Titled Tuesday intern op 18th Mar Late"]
[Site "Chess.com INT"]
[Date "2025.03.18"]
[Round "6"]
[White "Ambartsumova, Karina"]
[Black "Ferey, Antonin"]
[Result "1-0"]
[WhiteElo "2405"]
[BlackElo "2236"]
[PlyCount "65"]
[EventDate "2025.03.18"]
[EventType "swiss (blitz)"]
[EventRounds "11"]
[EventCountry "USA"]
[SourceTitle "CB13_2025"]
[SourceDate "2025.03.26"]
[SourceVersion "1"]
[SourceVersionDate "2025.03.26"]
[SourceQuality "1"]

1. Nf3 Nf6 2. c4 c5 3. Nc3 g6 4. d4 cxd4 5. Nxd4 Bg7 6. e4 0-0 7. Be2 Nc6 8. Nc2 d6 9. 0-0 Bd7 10. Be3 Rc8 11. f3 a6 12. Rc1 Re8 13. Qd2 Qa5 14. Nd4 Nxd4 15. Bxd4 Be6 16. b3 h5 17. Rcd1 Nd7 18. f4 Bxd4+ 19. Qxd4 Qc5 20. f5 Qxd4+ 21. Rxd4 Ne5 22. fxe6 fxe6 23. Na4 Kg7 24. Rdd1 Rc7 25. Nb2 b5 26. Nd3 Nc6 27. Nf4 Nd8 28. cxb5 e5 29. Nd5 Rc2 30. Bd3 Rxa2 31. bxa6 Ne6 32. Ra1 Rd2 33. Bc4 1-0

[Event "Titled Tuesday intern op 18th Mar Late"]
[Site "Chess.com INT"]
[Date "2025.03.18"]
[Round "1"]
[White "Ambartsumova, Karina"]
[Black "Lau, Lut Yin Luke"]
[Result "1-0"]
[WhiteElo "2405"]
[BlackElo "2240"]
[PlyCount "81"]
[EventDate "2025.03.18"]
[EventType "swiss (blitz)"]
[EventRounds "11"]
[EventCountry "USA"]
[SourceTitle "CB13_2025"]
[SourceDate "2025.03.26"]
[SourceVersion "1"]
[SourceVersionDate "2025.03.26"]
[SourceQuality "1"]

1. Nf3 b6 2. c4 Bb7 3. g3 c5 4. Bg2 e6 5. d4 cxd4 6. Qxd4 Nf6 7. Nc3 d6 8. b3 Be7 9. Ba3 Nc6 10. Qf4 d5 11. Bxe7 Qxe7 12. cxd5 Qb4 13. 0-0 Qxf4 14. gxf4 Nxd5 15. Nxd5 exd5 16. Rfd1 Rd8 17. Nd4 Ke7 18. Rac1 Nxd4 19. Rxd4 Rd7 20. e3 Rhd8 21. Kf1 g6 22. Ke1 Ke6 23. Kd2 Rc8 24. Rxc8 Bxc8 25. Bf1 Rc7 26. Bd3 Bb7 27. b4 h6 28. a3 Rc8 29. a4 Rc7 30. f5+ gxf5 31. Rf4 a5 32. Bxf5+ Ke5 33. bxa5 bxa5 34. Bd3 Bc6 35. Rh4 f6 36. Bc2 Rb7 37. Rxh6 Rb2 38. Kc3 Ra2 39. Rh4 Ra3+ 40. Kb2 Rxa4 41. Bxa4 1-0

[Event "Titled Tuesday intern op 18th Mar Late"]
[Site "Chess.com INT"]
[Date "2025.03.18"]
[Round "3"]
[White "Ambartsumova, Karina"]
[Black "Seo, Jung Min"]
[Result "0-1"]
[WhiteElo "2405"]
[BlackElo "2493"]
[PlyCount "102"]
[EventDate "2025.03.18"]
[EventType "swiss (blitz)"]
[EventRounds "11"]
[EventCountry "USA"]
[SourceTitle "CB13_2025"]
[SourceDate "2025.03.26"]
[SourceVersion "1"]
[SourceVersionDate "2025.03.26"]
[SourceQuality "1"]

1. Nf3 d5 2. e3 Nf6 3. c4 c6 4. Nc3 g6 5. d4 Bg7 6. h3 0-0 7. Be2 c5 8. dxc5 Qa5 9. 0-0 dxc4 10. Bxc4 Qxc5 11. Qe2 Nc6 12. Bd2 Ne5 13. Nxe5 Qxe5 14. Rac1 Be6 15. Bxe6 Qxe6 16. e4 Rac8 17. f3 a6 18. Be3 Rfd8 19. Rfd1 b5 20. a3 h6 21. Rxd8+ Rxd8 22. Rd1 Rc8 23. Bd4 Nh5 24. Bxg7 Kxg7 25. Qf2 Nf4 26. Kh1 Qe5 27. Qd4 Qxd4 28. Rxd4 Kf6 29. Kh2 Ke5 30. Rd7 Ke6 31. Ra7 Rc6 32. g3 Nd3 33. Nd5 Rc2+ 34. Kg1 Ke5 35. Rxe7+ Kd4 36. Rd7 Ne5 37. Nb4+ Nxd7 38. Nxc2+ Kc4 39. Nb4 a5 40. Nc6 a4 41. Kf2 Kb3 42. Nd4+ Kxb2 43. Nxb5 Nb6 44. f4 Nc4 45. e5 Nxa3 46. Nd6 Nc2 47. Kf3 Kb3 48. Nxf7 a3 49. Ke4 a2 50. e6 a1Q 51. e7 Qe1+ 0-1

[Event "Titled Tuesday intern op 18th Mar Late"]
[Site "Chess.com INT"]
[Date "2025.03.18"]
[Round "7"]
[White "Samant, Neil"]
[Black "Ambartsumova, Karina"]
[Result "0-1"]
[WhiteElo "2126"]
[BlackElo "2405"]
[PlyCount "84"]
[EventDate "2025.03.18"]
[EventType "swiss (blitz)"]
[EventRounds "11"]
[EventCountry "USA"]
[SourceTitle "CB13_2025"]
[SourceDate "2025.03.26"]
[SourceVersion "1"]
[SourceVersionDate "2025.03.26"]
[SourceQuality "1"]

1. e4 c5 2. Nf3 a6 3. g3 Nc6 4. Bg2 Nf6 5. Qe2 d6 6. c3 e5 7. 0-0 Be7 8. Rd1 0-0 9. d4 cxd4 10. cxd4 Bg4 11. dxe5 Nxe5 12. Qe3 Nxf3+ 13. Bxf3 Bxf3 14. Qxf3 Qa5 15. Nc3 Rac8 16. Bf4 Rfd8 17. Rd2 Nd7 18. Rd5 Qb6 19. Qe2 Nf6 20. Rd2 h6 21. Rad1 Rc6 22. Be3 Qc7 23. Bd4 Ne8 24. Nd5 Qd7 25. Nb4 Rdc8 26. Nxc6 Qxc6 27. Bc3 Bf8 28. Qg4 Rc7 29. h4 Re7 30. Rd5 Re6 31. f3 Rg6 32. Qf4 Qc4 33. h5 Re6 34. Kg2 Qxa2 35. R5d2 Qc4 36. g4 Be7 37. Qf5 Bg5 38. Rd4 Qe2+ 39. Kg3 Be3 40. R4d3 Qf2+ 41. Kh3 Bg5 42. Qe5 dxe5 0-1